Vplyv spoločenskej zodpovednosti firiem na ich konkurencieschopnosť v medzinárodnom prostredí diplomová práca

Na minha lista:
Detalhes bibliográficos
Autor principal: Drábiková, Veronika
Autor Corporativo: Obchodná fakulta EU. Katedra medzinárodného obchodu
Outros Autores: Škorvagová, Simona
Formato: Livro
Idioma:eslovaco
Publicado em: Bratislava 2018
Tags: Adicionar Tag
Sem tags, seja o primeiro a adicionar uma tag!

MARC

LEADER 00000nbm a2200000 4500
001 0243237
005 20181003112255.0
041 0 |a slo 
044 |a SK 
245 1 0 |a Vplyv spoločenskej zodpovednosti firiem na ich konkurencieschopnosť v medzinárodnom prostredí  |b diplomová práca  |c Veronika Drábiková ; školiteľ: Simona Škorvagová 
264 1 |a Bratislava  |c 2018 
300 |a 87 s. 
100 1 |a Drábiková, Veronika 
700 1 |a Škorvagová, Simona 
710 2 |a Obchodná fakulta EU. Katedra medzinárodného obchodu